000
00232 a2200097 4500
001
39823
100
_a
Moller C
245
_a
The Theory of Relativity
260
_a
New Delhi
_b
Oxford University Press
_c
1988
090
_c
24826
_d
24826
942
_a
NUST-CAE
_c
M
_c
16476
999
_c
274896
_d
274896